Guess The Song (Nu Metal) - Statistics

General Stats
  • This quiz has been taken 96 times
  • The average score is 10 of 15
Answer Stats
Hint Answer % Correct
"It's all about the he says, she says bullshit!" Break Stuff
88%
"But in the end! It doesn't even matter!" In The End
88%
"I become so numb! I can't feel you there!" Numb
87%
"I did it all for the nookie." Nookie
86%
"Feeling like a Freak On A Leash" Freak On A Leash
84%
"Wake up! (wake up) Grab a brush and put a little makeup!" Chop Suey!
75%
"I'm so blind!" Blind
74%
"Let the bodies hit the floor... let the bodies hit the floor..." Bodies
70%
"(Wake me up) Wake me up inside! (can't wake up) Bring Me To Life
70%
"Cut my life into pieces, this is my last resort." Last Resort
68%
"I push my fingers into my eyes." Duality
66%
"You can't see California without Marlon Brando's eyes!" Eyeless
47%
(come) Shove it! Shove it! Shove it!" My Own Summer (Shove It)
41%
"All this, I seek, I find, I push the envelope to the line!" Click Click Boom
17%
"Oh a-a-a-a" Down With A Sickness
5%
No matching quizzes found
Score Distribution
Percent of People with Each Score
Percentile by Number Answered
Your Score History
You have not taken this quiz